00438nam a2200169Ia 450000500170000000800410001702000150005808200210007324500480009426000420014230000180018465000110020265000130021365000100022665000130023670000190024920250122052252.0240331s9999 xx 000 0 und d a0195641795 bTHA26000a305.4 0aEmbodiment:bEssays on Gender and Identity  aOxfordbOxford University Pressc1997 axiii, 340 p., aGender aIdentity aWomen aFeminity aThapan, Meedt